00729 2200253 4500001002100000005001500021035002000036007000300056008004100059082001500100084001500115245005000130300003100180650003500211520003200246264005200278336002100330337003000351338002300381040002200404090001700426850001200443990002000455INLIS00000000087927620230616112137 a0010-0623000349ta230616b1951 xx g eng d04223a338.91 a338.91 CUR00aCurrent issues in foreign economic assistance aviii, 103 halaman ;c23 cm04aHubungan ekonomi internasional aBibliografi: halaman 99-10331aWashington D.C. :bBrookings Institution,c1951 2rdacontentateks 2rdamediaatanpa perantara 2rdacarrieravolume aYOPDYOGbinderda aL 338.91 CUR aYOPDYOG a70889-PD/A.2023